000 00649nam a22002057a 4500
999 _c14568
_d14568
003 AR-CdUCM
008 190422b ||||| |||| 00| 0 spa d
020 _a978-84-678-4036-0
040 _aMUNICIPALIDAD PROVINCIAL DEL CUSCO
_cBIBLIOTECA MUNICIPAL DEL CUSCO
041 _hspa
082 _aEP / 376.1 /
_bM77
100 _aMonreal, Violeta
_933057
245 _a¿Qué te hace feliz? /
260 _aMadrid :
_bGrupo Anaya,
_c2013.
300 _a37 páginas ;
_bIlustraciones,
_c22 cm.
500 _aAntes del titulo: Preguntas para mentes despiertas.
650 _aLiteratura infantil
_9588
942 _2ddc
_cLIBROS
945 _acmm
_d2019-04-23